00281nam a2200109Ia 4500008004100000020001500041082001700056100002000073245002000093260004800113300001000161191014s9999 xx 000 0 und d aLC 60-7234 a537.532bCHA aS.Chandrasekhar 0aPlasma Physics  aCanadabUniversities of Chicago pressc1960 aX,215